| 000 | 00707nam a2200205 a 4500 | ||
|---|---|---|---|
| 001 | BRCA_1850 | ||
| 005 | 20190320203557.0 | ||
| 008 | 050608s1981----mx-a---###---#000-0#spa-# | ||
| 020 | _a9685800464 | ||
| 050 | 4 |
_aZ210 _b.O75 1981 |
|
| 245 | 1 | 0 | _aOrigen, desarrollo y proyección de la imprenta en México. |
| 260 |
_aMéxico _bUNAM : Palacio de Minería _c1981 |
||
| 300 |
_a186 p. _bil. _c25 cm. |
||
| 500 | _aCatálogo de la exposición realizada en el Palacio de Minería (Ciudad de México), mayo 1980 | ||
| 500 | _aEstado físico: encuadernado, enero 2016 | ||
| 650 | 1 | 4 |
_aImprenta _xHistoria _zMéxico _95745 |
| 650 | 1 | 4 |
_aLibro _xHistoria _95746 |
| 650 | 1 | 4 |
_aEscritura _xHistoria _91560 |
| 942 |
_2lcc _cB |
||
| 999 |
_c1628 _d1628 |
||